|
|
|
|
| LEADER |
01157cam a2200313 7i4500 |
| 001 |
0000018358 |
| 005 |
20240326090000.0 |
| 008 |
071009 eng |
| 020 |
|
|
|a 9780071244961
|
| 020 |
|
|
|a 0071244964 (pbk.)
|
| 020 |
|
|
|a 9780072961942
|
| 020 |
|
|
|a 0072961945 (hbk.)
|
| 040 |
|
|
|a DLC
|
| 090 |
0 |
0 |
|a HD9980.5
|b .Z45 2006
|
| 100 |
1 |
|
|a Zeithaml, Valarie A
|
| 245 |
1 |
0 |
|a Services marketing :
|b integrating customer focus across the firm
|c Valarie A. Zeithaml, Mary Jo. Bitner, Dwayne D. Gremler.
|
| 250 |
|
|
|a 4th ed.
|
| 260 |
|
|
|a Boston:
|b McGraw-Hill/Irwin,
|c 2006.
|
| 300 |
|
|
|a xxvii, 708 p.:
|b ill., map;
|c 27 cm.
|
| 504 |
|
|
|a Includes bibliographical references and index
|
| 650 |
0 |
0 |
|a Service industries --
|x Marketing
|
| 650 |
0 |
0 |
|a Customer services
|
| 700 |
1 |
|
|a Bitner, Mary Jo
|
| 700 |
1 |
|
|a Gremler, Dwayne D
|
| 997 |
|
|
|a Business & Accountancy, Faculty
|
| 999 |
|
|
|a 0000017677
|b BOK
|c OPEN SHELF
|e 1st Floor, Shah Alam
|
| 999 |
|
|
|a 0000020130
|b BOK
|c OPEN SHELF
|e 1st Floor, Shah Alam
|
| 999 |
|
|
|a 0000020158
|b BOK
|c OPEN SHELF
|e 1st Floor, Shah Alam
|
| 999 |
|
|
|a 0000063712
|b BOK
|c OPEN SHELF
|e 1st Floor, Shah Alam
|